Statistics for Ancient History by Letter 'H'

Click here to take the quiz!

General Stats

  • This quiz has been taken 483 times
  • The average score is 15 of 20

Answer Stats

Hint Answer % Correct
He is credited for writing the Iliad and the OdysseyHomer
99%
Ancient Chinese dynasty that saw the invention of paper and the Silk RoadHan Dynasty
97%
Greek God of the Underworld whose Roman equivalent is PlutoHades
95%
Strongman who performed 12 labors and the subject of a 1997 Disney filmHeracles
92%
Her face launched a thousand ships, her kidnapping caused the Trojan WarHelen of Troy
91%
He led his elephants across the Alps during the Second Punic WarHannibal
90%
Roman Emperor who had a wall built in England, some of it still exists todayHadrian
88%
Queen of the Greek gods, and the wife of ZeusHera
87%
Ancient Egyptian writing style that uses pictures and symbolsHieroglyphics
86%
Babylonian Ancient Wonder built by Nebuchadnezzar IIHanging Gardens of Babylon
86%
The Greek father of medicine, doctors sometimes take his oathHippocrates
84%
Attila was the leader of this empire during the 5th century A.D.Hunnic Empire
83%
The greatest Trojan fighter in the Iliad, he was killed by AchillesHector
66%
The most famous church/mosque/museum in IstanbulHagia Sophia
66%
The Greek father of history who told the story of the Persian WarsHerodotus
63%
Babylonian King whose code said "An eye for an eye and a tooth for a tooth"Hammurabi
62%
Mount Vesuvius erupted in 79 A.D. destroying Pompeii and this cityHerculaneum
34%
Period of Ancient Greece that started after the death of AlexanderHellenistic Period
30%
This Turkish Ancient Wonder; the Mausoleum, was situated hereHalicarnassus
28%
Egyptian Pharoah Queen who built the Deir el-Bahari, a temple named after herHatshepsut
25%

Score Distribution

Percentile by Number Answered

Percent of People with Each Score

Your Score History

You have not taken this quiz